Klassiker der Kinder- und Jugendliteratur : Ein internationales Lexikon

Αποθηκεύτηκε σε:
Λεπτομέρειες βιβλιογραφικής εγγραφής
Κύριος συγγραφέας: Kummerling-Meibauer, Bettina
Μορφή: Βιβλίο
Γλώσσα:German
Δημοσίευση: Stuttgart : J.B. Metzler, 1999
Θέματα:
Ετικέτες: Προσθήκη ετικέτας
Δεν υπάρχουν, Καταχωρήστε ετικέτα πρώτοι!

MARC

LEADER 00000cam a2200000 i 4500
001 1/38640
008 030728s1999 ger d
020 |a 3-476-01235-2 (set) 
035 |l 10070478 
040 |a GR-MY-UA  |b gre  |e aacr 
041 0 |a ger 
082 0 |a 809.8928203 
100 1 |a Kummerling-Meibauer, Bettina. 
245 1 0 |a Klassiker der Kinder- und Jugendliteratur :  |b Ein internationales Lexikon /  |c Bettina Kummerling-Meibauer 
260 |a Stuttgart :   |b J.B. Metzler,   |c 1999 
300 |a 2 v. 
504 |a bd.1: A-K. - bd.2: L-Z 
650 0 0 |a Children's literature  |x Dictionaries. 
852 |a INST  |b RHODES  |e 20030728  |h 809.8928203 KUM  |p 005400020198  |q 005400020198  |t REF  |y 23  |z v.1 
852 |a INST  |b RHODES  |e 20030728  |h 809.8928203 KUM  |p 005400020199  |q 005400020199  |t REF  |y 23  |z v.2 
852 |a INST  |b RHODES  |e 20030728  |h 809.8928203 KUM  |p 005400020198  |q 005400020198  |t REF  |v v.1:  |y 23  |z v.1 
852 |a INST  |b RHODES  |e 20030728  |h 809.8928203 KUM  |p 005400020199  |q 005400020199  |t REF  |v v.2:  |y 23  |z v.2 
853 |a INST  |b RHODES  |h 809.8928203 KUM 
901 |a BIBL4-2003-2 
909 |a Ρ  |b 104894 
909 |a Ρ  |b 104895 
970 |a ΚΟΥΛΑΚΙΟΤΗ  |b ΛΙΤΣΑ  |z 2003/07/28